[Event "32. Offene Senioren-LEM Sachsen-Anh. 65"]
[Site "Magdeburg, Germany"]
[Date "2024.07.06"]
[Round "6.6"]
[White "Gehrmann, Rudolf-Rainer"]
[Black "Leibovitch, Iziaslav"]
[Result "1/2-1/2"]
[WhiteElo "1980"]
[BlackElo "2105"]
[PlyCount "137"]
[EventDate "2024.??.??"]

1. c4 Nf6 2. g3 g6 3. Bg2 Bg7 4. Nf3 O-O 5. O-O d6 6. d4 Nc6 7. Nc3 Bf5 8. b3
Ne4 9. Bb2 a6 10. e3 Qd7 11. Nh4 Nxc3 12. Bxc3 Bh3 13. Bxh3 Qxh3 14. Ng2 e5 15.
dxe5 dxe5 16. Qc2 Qe6 17. Rad1 Rad8 18. Rxd8 Rxd8 19. Rd1 Rd6 20. Rd2 Bf8 21.
Qd1 Rxd2 22. Qxd2 f6 23. e4 Bc5 24. Ne3 Bxe3 25. Qxe3 Qd6 26. Kg2 Nd4 27. Qd2
c5 28. f3 b6 29. Kf2 Qe6 30. Kg2 Kg7 31. Qd1 h5 32. h4 a5 33. Qd3 Qc6 34. Bd2
Qe8 35. Qe3 Qh8 36. f4 Nc2 37. Qd3 Nd4 38. fxe5 fxe5 39. Qe3 Qe8 40. Qh6+ Kg8
41. Qe3 Qf7 42. Qf2 Qe6 43. Bh6 Qe7 44. Bg5 Qb7 45. Qe3 Nf5 46. Qd3 Nd4 47. Bf6
Qc7 48. Qe3 Kh7 49. Qg5 Nc6 50. Qd2 Nd4 51. Qg5 Nc6 52. g4 hxg4 53. Qxg4 Qd6
54. Bg5 Qd3 55. Qf3 Qxf3+ 56. Kxf3 Kg7 57. Kg4 Kf7 58. h5 gxh5+ 59. Kxh5 Ke6
60. Kg6 a4 61. Bd2 axb3 62. axb3 Nd4 63. b4 Nc6 64. bxc5 bxc5 65. Kg5 Nb4 66.
Be3 Nd3 67. Kg6 Nf4+ 68. Kg5 Nd3 69. Kg6 1/2-1/2

[Event "32. Offene Senioren-LEM Sachsen-Anh. 65"]
[Site "Magdeburg, Germany"]
[Date "2024.07.06"]
[Round "6.7"]
[White "Poetke, Dan-Peter"]
[Black "Krueger, Erich"]
[Result "0-1"]
[WhiteElo "1968"]
[BlackElo "2095"]
[PlyCount "52"]
[EventDate "2024.??.??"]

1. d4 Nf6 2. Nf3 g6 3. Bf4 d6 4. e3 Bg7 5. h3 O-O 6. Be2 c5 7. O-O b6 8. a4 Bb7
9. a5 Nbd7 10. a6 Bc6 11. Nc3 d5 12. Nb5 c4 13. Nc3 b5 14. b4 Qb6 15. Ne5 Nb8
16. Ra5 Ne4 17. Nxe4 dxe4 18. Qa1 f6 19. Ng4 h5 20. Bxb8 Raxb8 21. Nh2 f5 22.
c3 e5 23. dxe5 Rbe8 24. g3 Bxe5 25. Rd1 Bxg3 26. Rd6 Bxd6 0-1

[Event "32. Offene Senioren-LEM Sachsen-Anh. 65"]
[Site "Magdeburg, Germany"]
[Date "2024.07.06"]
[Round "6.10"]
[White "Just, Joachim"]
[Black "Ruether, Rudolf"]
[Result "1/2-1/2"]
[WhiteElo "1909"]
[BlackElo "2065"]
[PlyCount "24"]
[EventDate "2024.??.??"]

1. d4 Nf6 2. Nf3 e6 3. Bg5 c5 4. c3 b6 5. e3 Be7 6. Nbd2 h6 7. Bf4 O-O 8. Be2
d6 9. O-O Nh5 10. h3 Nxf4 11. exf4 Nc6 12. dxc5 dxc5 1/2-1/2

[Event "32. Offene Senioren-LEM Sachsen-Anh. 65"]
[Site "Magdeburg, Germany"]
[Date "2024.07.06"]
[Round "6.13"]
[White "Lorenz, Dietmar"]
[Black "Bregler, Herbert"]
[Result "0-1"]
[WhiteElo "1981"]
[BlackElo "1952"]
[PlyCount "90"]
[EventDate "2024.??.??"]

1. Nf3 d5 2. c4 e6 3. d4 Nf6 4. g3 Be7 5. Bg2 O-O 6. O-O Nbd7 7. Qc2 c5 8. cxd5
exd5 9. Nc3 cxd4 10. Nxd4 Nc5 11. Rd1 Ne6 12. Nf5 d4 13. e3 Bc5 14. Nxd4 Qe7
15. Nf5 Qc7 16. Na4 g6 17. Nd4 Rd8 18. Nxe6 Rxd1+ 19. Qxd1 Bxe6 20. Nxc5 Qxc5
21. Bxb7 Rb8 22. Bg2 Qe5 23. Qd4 Qf5 24. b3 Ng4 25. e4 Qh5 26. h3 Ne5 27. Bb2
f6 28. f4 Nf3+ 29. Bxf3 Qxf3 30. Qf2 Qxe4 31. Re1 Qd5 32. Qxa7 Ra8 33. Qe3 Bxh3
34. Qe2 Rxa2 35. Qe8+ Kg7 36. Re7+ Kh6 37. Qf8+ Kh5 38. Rxh7+ Kg4 39. Qc8+ f5
40. Rxh3 Kxh3 41. Qh8+ Kxg3 42. Qh2+ Kg4 43. Qc2 Qe4 44. Qd1+ Qf3 45. Qb1 Qxb3
0-1

[Event "32. Offene Senioren-LEM Sachsen-Anh. 65"]
[Site "Magdeburg, Germany"]
[Date "2024.07.06"]
[Round "6.17"]
[White "Kopp, Peter"]
[Black "Luebeck, Stephan"]
[Result "1/2-1/2"]
[WhiteElo "2014"]
[BlackElo "1942"]
[PlyCount "195"]
[EventDate "2024.??.??"]

1. Nf3 g6 2. g3 Bg7 3. Bg2 e5 4. d3 Ne7 5. e4 c5 6. O-O Nbc6 7. c3 d6 8. a4 Rb8
9. Nbd2 a6 10. Re1 b5 11. axb5 axb5 12. Nf1 O-O 13. Ne3 Qb6 14. h3 Ba6 15. Qb3
Ra8 16. Nd5 Nxd5 17. exd5 Ne7 18. Nd2 Qc7 19. Rb1 Rfb8 20. Qc2 Bb7 21. c4 bxc4
22. dxc4 Bc8 23. g4 Rb4 24. b3 Rab8 25. Bf3 f5 26. Bd1 Bd7 27. Bb2 Qc8 28. Bc3
R4b7 29. f3 Bh6 30. Nf1 Qf8 31. Bd2 Bxd2 32. Qxd2 Qf6 33. g5 Qg7 34. f4 e4 35.
Bc2 h6 36. h4 hxg5 37. hxg5 Qd4+ 38. Kg2 Kf7 39. Red1 Qg7 40. Ne3 Rh8 41. Rh1
Rbb8 42. Rxh8 Rxh8 43. Rh1 Ke8 44. Rxh8+ Qxh8 45. Qf2 Nc8 46. Qd2 Nb6 47. Qa5
Qd4 48. Kf2 Ke7 49. Bd1 Nc8 50. Be2 Qh8 51. Ng2 Qb2 52. Qe1 Nb6 53. Qd1 Na8 54.
Ne3 Nc7 55. Qh1 Qg7 56. Qc1 Na6 57. Nd1 Nb4 58. Qc3 Qd4+ 59. Qxd4 cxd4 60. Nb2
Kd8 61. Bd1 Be8 62. Ke1 Bf7 63. Kd2 Ke7 64. Bc2 Kd7 65. Bd1 Kc7 66. Be2 Kb6 67.
Na4+ Ka5 68. Nb2 Na2 69. Nd1 Kb4 70. Kc2 Ka3 71. c5 Nb4+ 72. Kd2 dxc5 73. d6
Kxb3 74. Bb5 e3+ 75. Nxe3 dxe3+ 76. Kxe3 Be6 77. d7 Nd5+ 78. Kf3 Bxd7 79. Bxd7
Kc4 80. Be8 Ne7 81. Ke3 Kb3 82. Bf7+ Kc2 83. Bc4 Kd1 84. Bf7 Ke1 85. Be6 Kf1
86. Kf3 Ke1 87. Ke3 Kd1 88. Kd3 Ke1 89. Kc4 Kf2 90. Kxc5 Ke3 91. Kd6 Kxf4 92.
Kxe7 Kxg5 93. Bc4 Kf4 94. Kf6 g5 95. Bd3 g4 96. Bxf5 g3 97. Bh3 g2 98. Bxg2
1/2-1/2

[Event "32. Offene Senioren-LEM Sachsen-Anh. 65"]
[Site "Magdeburg, Germany"]
[Date "2024.07.06"]
[Round "6.18"]
[White "Lapp, Karl"]
[Black "Krien, Hartmut"]
[Result "1-0"]
[WhiteElo "2005"]
[BlackElo "1927"]
[PlyCount "101"]
[EventDate "2024.??.??"]

1. d4 d5 2. Nf3 e6 3. Bf4 c6 4. c3 f5 5. e3 Nf6 6. Nbd2 Bd6 7. Bd3 O-O 8. O-O
Ne4 9. Bxd6 Qxd6 10. Ne5 Nxd2 11. Qxd2 Nd7 12. Nxd7 Bxd7 13. Qc2 e5 14. dxe5
Qxe5 15. Rfe1 Rf6 16. Rad1 Raf8 17. a4 Rh6 18. g3 Qe8 19. Be2 g5 20. c4 Be6 21.
cxd5 cxd5 22. f4 g4 23. a5 Bd7 24. Rd3 Bc6 25. Rc3 a6 26. Qd2 Re6 27. Bd1 Qd8
28. Rd3 Rd6 29. Bb3 Rf7 30. e4 fxe4 31. Rxe4 Kf8 32. Re5 Re7 33. Rde3 Rxe5 34.
fxe5 Re6 35. Qb4+ Qe7 36. Qd4 Qg5 37. Re1 Ke8 38. Qf4 Qg7 39. Bc2 h5 40. Bf5
Re7 41. e6 Rc7 42. Bg6+ Qxg6 43. Qxc7 Qf6 44. Qf4 Qxf4 45. gxf4 Ke7 46. f5 h4
47. Kf2 Kf6 48. e7 Be8 49. Re6+ Kxf5 50. Rh6 Bd7 51. Rh8 1-0

[Event "32. Offene Senioren-LEM Sachsen-Anh. 65"]
[Site "Magdeburg, Germany"]
[Date "2024.07.06"]
[Round "6.20"]
[White "Christen, Pierre"]
[Black "Funke, Arnold"]
[Result "1/2-1/2"]
[WhiteElo "1986"]
[BlackElo "1902"]
[PlyCount "72"]
[EventDate "2024.??.??"]

1. c4 e6 2. g3 f5 3. Bg2 Nf6 4. d3 Bb4+ 5. Nd2 O-O 6. a3 Bxd2+ 7. Bxd2 d6 8. e3
c6 9. Ne2 e5 10. Qb3 Kh8 11. O-O Nbd7 12. Qc2 Qe8 13. Nc3 Qh5 14. h3 g5 15. Qd1
Qg6 16. f4 gxf4 17. gxf4 Rg8 18. Qe2 Nh5 19. Be1 Ndf6 20. Bh4 Bd7 21. Kh1 Rg7
22. Rg1 Rag8 23. Bf3 Qxg1+ 24. Rxg1 Rxg1+ 25. Kh2 h6 26. Bg4 fxg4 27. Bxf6+
Nxf6 28. Kxg1 gxh3+ 29. Kh1 Rg2 30. Qe1 Bg4 31. Qh4 Kg7 32. fxe5 dxe5 33. Ne4
Nxe4 34. Qe7+ Kg6 35. dxe4 Rf2 36. Qe8+ Kh7 1/2-1/2

[Event "32. Offene Senioren-LEM Sachsen-Anh. 65"]
[Site "Magdeburg, Germany"]
[Date "2024.07.06"]
[Round "6.21"]
[White "Barten, Ralf"]
[Black "Albert, Gerhard"]
[Result "1/2-1/2"]
[WhiteElo "1970"]
[BlackElo "1888"]
[PlyCount "57"]
[EventDate "2024.??.??"]

1. Nf3 d5 2. d4 Nf6 3. c4 e6 4. g3 Bb4+ 5. Bd2 Be7 6. Bg2 O-O 7. O-O Ne4 8. Bc1
b6 9. cxd5 exd5 10. Nbd2 Nxd2 11. Bxd2 Bb7 12. Rc1 Nd7 13. Bf4 c5 14. dxc5 bxc5
15. Re1 Nf6 16. Ne5 Qb6 17. Qc2 Rfd8 18. Red1 Rac8 19. Be3 d4 20. Nc4 Qa6 21.
Bxb7 Qxb7 22. Bg5 h6 23. Bxf6 Bxf6 24. Rd3 Qe7 25. Rcd1 Qe6 26. b3 Qh3 27. Nd2
Rd5 28. Nf1 g6 29. Rf3 1/2-1/2

[Event "32. Offene Senioren-LEM Sachsen-Anh. 65"]
[Site "Magdeburg, Germany"]
[Date "2024.07.06"]
[Round "6.22"]
[White "Winkler, Karl"]
[Black "Mikolajewski, Armin"]
[Result "1/2-1/2"]
[WhiteElo "1905"]
[BlackElo "1961"]
[PlyCount "36"]
[EventDate "2024.??.??"]

1. e4 e5 2. d4 exd4 3. Qxd4 Nc6 4. Qe3 Nf6 5. Nc3 Bb4 6. Bd2 O-O 7. O-O-O Re8
8. Bc4 d6 9. h4 Qe7 10. f3 Be6 11. Bxe6 Qxe6 12. a3 Ba5 13. Qf4 Ne7 14. Nge2
Bb6 15. h5 d5 16. exd5 Nexd5 17. Qh4 Be3 18. Kb1 Bxd2 1/2-1/2

[Event "32. Offene Senioren-LEM Sachsen-Anh. 65"]
[Site "Magdeburg, Germany"]
[Date "2024.07.06"]
[Round "6.23"]
[White "Kynast, Reinhard"]
[Black "Grassmann, Heinz"]
[Result "0-1"]
[WhiteElo "1901"]
[BlackElo "1972"]
[PlyCount "90"]
[EventDate "2024.??.??"]

1. c4 e6 2. Nc3 Nf6 3. e4 d6 4. d4 Be7 5. Nf3 O-O 6. Be2 a6 7. O-O c5 8. h3
cxd4 9. Nxd4 Bd7 10. Be3 Nc6 11. Nc2 Rb8 12. Qd2 Qc7 13. Rac1 Rfd8 14. Rfd1 Ne5
15. b3 Bc6 16. f4 Ng6 17. Bd3 d5 18. Qf2 b5 19. cxd5 exd5 20. e5 Ne8 21. Nd4
Ba3 22. Rc2 Ne7 23. e6 Nf6 24. exf7+ Kxf7 25. f5 Qd7 26. Ne6 Rg8 27. Ng5+ Kf8
28. Ne6+ Kf7 29. Qe2 h6 30. Rf1 Bd6 31. Bd4 Rbe8 32. Nd1 Bb8 33. Qf2 Qd6 34. g3
Ne4 35. Qf4 Nxg3 36. Qxd6 Bxd6 37. Rf3 Ne4 38. h4 Rc8 39. Ne3 Bd7 40. Ng4 Rxc2
41. Bxc2 Bxe6 42. fxe6+ Kxe6 43. Re3 Nf5 44. Rd3 Nxd4 45. Rxd4 Bc5 0-1

[Event "32. Offene Senioren-LEM Sachsen-Anh. 65"]
[Site "Magdeburg, Germany"]
[Date "2024.07.06"]
[Round "6.25"]
[White "Domsgen, Bernd"]
[Black "Schwarz, Hans"]
[Result "1/2-1/2"]
[WhiteElo "1963"]
[BlackElo "1856"]
[PlyCount "111"]
[EventDate "2024.??.??"]

1. e4 e6 2. d4 d5 3. exd5 exd5 4. Bd3 Bd6 5. h3 Nc6 6. c3 Nf6 7. Nf3 h6 8. O-O
O-O 9. Re1 Re8 10. Be3 Be6 11. Nbd2 Qd7 12. Nf1 Bf5 13. Nh4 Bxd3 14. Qxd3 Ne4
15. b4 Be7 16. Nf3 Bf6 17. a4 a6 18. N3h2 Qf5 19. f3 Nd6 20. Qxf5 Nxf5 21. Bf4
Rec8 22. Ng4 Bh4 23. g3 Be7 24. Ne5 Bd6 25. g4 Bxe5 26. Bxe5 Nh4 27. Kf2 Ng6
28. Bg3 Nf8 29. f4 Ne6 30. h4 g6 31. Ne3 Ne7 32. f5 gxf5 33. gxf5 Nf8 34. f6
Nc6 35. Nxd5 Ne6 36. Ne7+ Nxe7 37. fxe7 c6 38. Be5 f5 39. c4 Kf7 40. d5 cxd5
41. cxd5 Rc2+ 42. Ke3 f4+ 43. Kd3 Rac8 44. dxe6+ Kxe7 45. Bxf4 R8c3+ 46. Kd4
Rc4+ 47. Ke5 Rxb4 48. Rad1 Rc5+ 49. Rd5 Rxd5+ 50. Kxd5 Rxf4 51. Rg1 Rf5+ 52.
Ke4 Kxe6 53. Rg6+ Rf6 54. Rg7 Rf7 55. Rg6+ Rf6 56. Rg7 1/2-1/2

[Event "32. Offene Senioren-LEM Sachsen-Anh. 65"]
[Site "Magdeburg, Germany"]
[Date "2024.07.06"]
[Round "6.27"]
[White "Heise, Juergen"]
[Black "Bernhardt, Eduard"]
[Result "1-0"]
[WhiteElo "1930"]
[BlackElo "1717"]
[PlyCount "69"]
[EventDate "2024.??.??"]

1. b3 d6 2. Bb2 e5 3. e3 f5 4. Nf3 Nf6 5. d4 e4 6. Nfd2 d5 7. c4 c6 8. Nc3 Be7
9. Be2 O-O 10. a3 Qe8 11. Qc2 Qf7 12. h3 Na6 13. b4 Be6 14. Na4 Nc7 15. cxd5
Bxd5 16. Nc4 Nd7 17. Nc5 Nxc5 18. dxc5 Rad8 19. O-O f4 20. exf4 Ne6 21. g3 Nxf4
22. gxf4 Qxf4 23. Be5 Qf5 24. Qc3 Bf6 25. Kh2 b5 26. cxb6 axb6 27. Rg1 b5 28.
Bg4 Bxe5+ 29. Nxe5 Qxf2+ 30. Rg2 Qf6 31. Rc1 e3 32. Qxe3 Bxg2 33. Kxg2 Rfe8 34.
Qb3+ Kh8 35. Nf7+ 1-0

[Event "32. Offene Senioren-LEM Sachsen-Anh. 65"]
[Site "Magdeburg, Germany"]
[Date "2024.07.06"]
[Round "6.30"]
[White "Moeller, Peter"]
[Black "Schmieder, Siegfried"]
[Result "0-1"]
[WhiteElo "1712"]
[BlackElo "1906"]
[PlyCount "64"]
[EventDate "2024.??.??"]

1. Nf3 g6 2. d4 f5 3. Bf4 Bg7 4. Nbd2 Nf6 5. h3 d6 6. e3 O-O 7. Bc4+ e6 8. O-O
h6 9. c3 Qe8 10. a3 Kh7 11. Re1 Nbd7 12. Bh2 e5 13. dxe5 dxe5 14. Qc2 c5 15.
Rad1 e4 16. Nh4 Ne5 17. Bxe5 Qxe5 18. g3 a6 19. Qb3 b5 20. Be2 c4 21. Qc2 Nd7
22. Kh2 Nc5 23. Rf1 Nd3 24. Nb1 g5 25. Ng2 f4 26. exf4 gxf4 27. gxf4 Rxf4 28.
f3 Rxf3+ 29. Kg1 Rxh3 30. Bxd3 exd3 31. Qd2 Qh2+ 32. Kf2 Bb7 0-1

[Event "32. Offene Senioren-LEM Sachsen-Anh. 65+"]
[Site "Magdeburg"]
[Date "2024.07.06"]
[Round "6.31"]
[White "Bielfeldt, Michael"]
[Black "Schulz, Hans-Werner"]
[Result "1-0"]
[WhiteElo "1810"]
[BlackElo "1896"]
[PlyCount "89"]
[EventDate "2024.??.??"]
[WhiteTeam "SV Bad Schwartau von 1930"]
[BlackTeam "SV Eiche Reichenbrand"]

1. d4 d5 2. Bf4 e6 3. e3 Bd6 4. Bg3 Ne7 5. Nf3 O-O 6. Bd3 h6 7. Nbd2 b6 8. c3
c5 9. e4 c4 10. Bc2 Nec6 11. e5 Be7 12. O-O b5 13. a3 a5 14. Re1 a4 15. Nf1 Nd7
16. N3d2 Bh4 17. Qg4 Qg5 18. Qxh4 Qxh4 19. Bxh4 g5 20. Bg3 h5 21. f3 Ne7 22. h3
Ng6 23. Bxg6 fxg6 24. Ne3 Rf7 25. Rf1 Nf8 26. Rf2 Bd7 27. Raf1 Nh7 28. f4 Raf8
29. fxg5 Rxf2 30. Rxf2 Rxf2 31. Kxf2 Kf7 32. h4 Nf8 33. Nc2 Be8 34. Nb4 Ke7 35.
Nf1 Kd7 36. Ne3 Kc7 37. Kf3 Bf7 38. Nexd5+ Kd8 39. Nf6 Nd7 40. Nxd7 Kxd7 41.
Na6 Kc6 42. Nc5 Bg8 43. Ne4 Kb7 44. Nd6+ Kc6 45. Bf2 1-0

[Event "32. Offene Senioren-LEM Sachsen-Anh. 65+"]
[Site "Magdeburg"]
[Date "2024.07.06"]
[Round "6.32"]
[White "Sauter, Arthur"]
[Black "Stummeyer, Dieter"]
[Result "0-1"]
[WhiteElo "1690"]
[BlackElo "1884"]
[PlyCount "32"]
[EventDate "2024.??.??"]
[WhiteTeam "SV Irxleben 1919"]
[BlackTeam "SG Garbsen/Marienwerder"]

1. Nf3 c5 2. b3 d5 3. e3 Nc6 4. Bb2 Nf6 5. d4 cxd4 6. Nxd4 e6 7. Nd2 Bd6 8. c4
O-O 9. cxd5 exd5 10. Be2 Re8 11. Rc1 Nxd4 12. Bxd4 Bf5 13. Bb2 Qe7 14. Nf3 Bb4+
15. Nd2 Ne4 16. Rc2 Nxf2 0-1

[Event "32. Offene Senioren-LEM Sachsen-Anh. 65+"]
[Site "Magdeburg"]
[Date "2024.07.06"]
[Round "6.33"]
[White "Pranner, Marion"]
[Black "Neubauer, Uwe"]
[Result "1/2-1/2"]
[WhiteElo "2055"]
[BlackElo "1827"]
[PlyCount "42"]
[EventDate "2024.??.??"]
[WhiteTeam "VfB 07 Lettin"]
[BlackTeam "SK Anderten"]

1. e4 d6 2. d4 Nf6 3. Nc3 g6 4. f4 Bg7 5. Nf3 O-O 6. Bd3 e6 7. O-O c5 8. d5
exd5 9. Nxd5 Nxd5 10. exd5 Bg4 11. Kh1 Nd7 12. Rb1 Nf6 13. c4 Re8 14. h3 Bd7
15. Qc2 Nh5 16. Kh2 f5 17. b3 Nf6 18. Bb2 Re3 19. Rfe1 Rxe1 20. Rxe1 Qf8 21.
Ng5 Re8 1/2-1/2

[Event "32. Offene Senioren-LEM Sachsen-Anh. 65+"]
[Site "Magdeburg"]
[Date "2024.07.06"]
[Round "6.34"]
[White "Gismann, Jürgen"]
[Black "Manthey, Wolfgang"]
[Result "1-0"]
[WhiteElo "1813"]
[BlackElo "1888"]
[PlyCount "107"]
[EventDate "2024.??.??"]
[WhiteTeam "USC Magdeburg"]
[BlackTeam "Helmstedter SV"]

1. e4 d6 2. d4 Nf6 3. Bd3 e5 4. c3 Be7 5. h3 O-O 6. Be3 c5 7. d5 Bd7 8. c4 Na6
9. a3 Nc7 10. Ne2 b5 11. b3 bxc4 12. bxc4 Rb8 13. Nbc3 Na6 14. O-O Qc7 15. Rb1
Rxb1 16. Qxb1 Rb8 17. Qa1 Rb7 18. Rb1 Qb8 19. Rxb7 Qxb7 20. Qb1 Qc8 21. f4 Bxh3
22. fxe5 dxe5 23. Qf1 Bg4 24. Ng3 g6 25. Bg5 Kg7 26. Qb1 h5 27. Bxf6+ Bxf6 28.
Be2 h4 29. Qd1 Bd7 30. Nf1 g5 31. Ne3 Bd8 32. Bg4 Ba5 33. Bxd7 Qxd7 34. Nf5+
Kg6 35. Qa4 Qxa4 36. Nxa4 Bd8 37. Kh2 g4 38. Nd6 Bg5 39. Nb7 f5 40. Naxc5 Nxc5
41. Nxc5 f4 42. Nd3 Kf6 43. c5 f3 44. gxf3 gxf3 45. c6 Ke7 46. c7 Kd7 47. Nxe5+
Kxc7 48. Nxf3 Bf4+ 49. Kh3 Bd6 50. a4 Bg3 51. Nxh4 Bd6 52. Nf5 Be5 53. Ne3 Kd6
54. Nc4+ 1-0

[Event "32. Offene Senioren-LEM Sachsen-Anh. 65+"]
[Site "Magdeburg"]
[Date "2024.07.06"]
[Round "6.35"]
[White "Wulff, Rüdiger"]
[Black "Bondick, Karl-Heinz"]
[Result "1/2-1/2"]
[WhiteElo "1731"]
[BlackElo "1887"]
[PlyCount "69"]
[EventDate "2024.??.??"]
[WhiteTeam "Flechtinger Sportverein"]
[BlackTeam "USC Magdeburg"]

1. d4 d5 2. c4 e5 3. Nc3 exd4 4. Qxd4 dxc4 5. Qxd8+ Kxd8 6. Bf4 Be6 7. Nf3 c6
8. Ng5 Bb4 9. e3 Na6 10. Nxe6+ fxe6 11. Bxc4 Ke7 12. Bxa6 bxa6 13. Ke2 Nf6 14.
Bg5 Bxc3 15. bxc3 Rab8 16. Rab1 Rb6 17. Rb3 e5 18. Rhb1 Rhb8 19. f3 a5 20. e4
a4 21. Rb4 c5 22. Rxb6 Rxb6 23. Rd1 Rb2+ 24. Rd2 Rb6 25. Kd3 Kd6 26. Kc2+ Ke6
27. Bxf6 gxf6 28. Rd5 a3 29. Rd2 f5 30. c4 fxe4 31. fxe4 Kf6 32. h4 h5 33. Kc3
Ke6 34. Rf2 a5 35. g3 1/2-1/2

[Event "32. Offene Senioren-LEM Sachsen-Anh. 65+"]
[Site "Magdeburg"]
[Date "2024.07.06"]
[Round "6.36"]
[White "Reimann, Reinhold"]
[Black "Wolke, Reimund"]
[Result "1-0"]
[WhiteElo "1888"]
[BlackElo "1883"]
[PlyCount "93"]
[EventDate "2024.??.??"]
[WhiteTeam "Turn- u. Sportgemeinschaft Calbe"]
[BlackTeam "Hamburger SK von 1830"]

1. d4 Nf6 2. Nf3 g6 3. e3 Bg7 4. Nc3 d5 5. h3 O-O 6. Be2 b6 7. O-O Bb7 8. Re1
Nbd7 9. Bf1 c5 10. Ne2 Ne4 11. c3 Qc7 12. Nd2 Nd6 13. Ng3 e5 14. dxc5 bxc5 15.
c4 d4 16. e4 f5 17. f3 Rf7 18. Bd3 Raf8 19. b3 f4 20. Nh1 Bf6 21. Nf1 Bh4 22.
Re2 Bc6 23. Bd2 Rb8 24. Be1 Be7 25. Nf2 h5 26. Nh2 Bh4 27. Nh1 Bxe1 28. Qxe1 a5
29. g4 Kh7 30. Qh4 Qd8 31. g5 Nf8 32. Rg2 a4 33. Ng4 Nd7 34. Nhf2 axb3 35. axb3
Rxb3 36. Ra7 Rb7 37. Rxb7 Bxb7 38. Nh6 Rf8 39. Nf5 Nf7 40. Kh2 Qe8 41. Ng4 Qe6
42. Nf6+ Nxf6 43. gxf6 Nh8 44. Qxh5+ Kg8 45. Rxg6+ Kf7 46. Rg7+ Kxf6 47. Qg5#
1-0

[Event "32. Offene Senioren-LEM Sachsen-Anh. 65+"]
[Site "Magdeburg"]
[Date "2024.07.06"]
[Round "6.37"]
[White "Gagelmann, Andreas"]
[Black "Möws, Harald"]
[Result "1-0"]
[WhiteElo "1883"]
[BlackElo "1812"]
[PlyCount "67"]
[EventDate "2024.??.??"]
[WhiteTeam "SV Freital"]
[BlackTeam "Ahrensburger TSV"]

1. e4 e6 2. d4 d5 3. Nc3 c6 4. Be2 Nf6 5. Bg5 Be7 6. e5 Nfd7 7. Bxe7 Qxe7 8. f4
Qh4+ 9. g3 Qe7 10. Nf3 O-O 11. Bd3 a5 12. Ng5 g6 13. h4 Kg7 14. h5 h6 15. hxg6
fxg6 16. Bxg6 Rh8 17. Nf7 Kxg6 18. Nxh8+ Kh7 19. Qd3+ Kxh8 20. Rxh6+ Kg8 21.
O-O-O Nf8 22. Rdh1 Qg7 23. R1h5 Kf7 24. Rh7 Nxh7 25. Rxh7 Kg8 26. Rxg7+ Kxg7
27. g4 b5 28. f5 Bd7 29. f6+ Kh6 30. Qh3+ Kg5 31. Ne2 Be8 32. Qh7 Nd7 33. Qg8+
Kh4 34. f7 1-0

[Event "32. Offene Senioren-LEM Sachsen-Anh. 65+"]
[Site "Magdeburg"]
[Date "2024.07.06"]
[Round "6.38"]
[White "Boldt, Heinrich"]
[Black "Weigelt, Joachim"]
[Result "1/2-1/2"]
[WhiteElo "1866"]
[BlackElo "1810"]
[PlyCount "42"]
[EventDate "2024.??.??"]
[WhiteTeam "TSV Kareth-Lappersdorf"]
[BlackTeam "VfB 07 Lettin"]

1. d4 Nf6 2. c4 g6 3. Nc3 Bg7 4. g3 O-O 5. Bg2 d6 6. Qb3 Nc6 7. e3 e5 8. d5 Ne7
9. Nge2 Nd7 10. e4 Nc5 11. Qc2 f5 12. b4 Nd7 13. Bg5 h6 14. Bxe7 Qxe7 15. f4
Nf6 16. O-O fxe4 17. fxe5 Qxe5 18. Nxe4 Bf5 19. Nxf6+ Bxf6 20. Qd2 g5 21. Rae1
Qb2 1/2-1/2

[Event "32. Offene Senioren-LEM Sachsen-Anh. 65+"]
[Site "Magdeburg"]
[Date "2024.07.06"]
[Round "6.39"]
[White "Roth, Heinz-Georg"]
[Black "Bausch, Jean"]
[Result "0-1"]
[WhiteElo "1830"]
[BlackElo "1804"]
[PlyCount "80"]
[EventDate "2024.??.??"]
[WhiteTeam "SC Lindau"]
[BlackTeam "Schachclub Unterhaching"]

1. e4 c5 2. c3 d5 3. exd5 Qxd5 4. d4 e6 5. Nf3 Nf6 6. Be2 Nc6 7. O-O cxd4 8.
cxd4 Be7 9. Nc3 Qd8 10. Bf4 a6 11. a3 O-O 12. Rc1 Bd6 13. Bg5 Be7 14. h3 Qd6
15. Qd2 Rd8 16. Rfd1 b5 17. Qe3 Nd5 18. Nxd5 Qxd5 19. Bf4 Bb7 20. Be5 Qd7 21.
Bf4 Rac8 22. Bd3 Bf6 23. Be5 Qe7 24. Rd2 Nxe5 25. dxe5 Rxc1+ 26. Kh2 Bxf3 27.
gxf3 Bh4 28. Bxh7+ Kxh7 29. Rxd8 Qxd8 30. Qxc1 Qd4 31. Qc2+ g6 32. Kg2 Qxe5 33.
Qe4 Qxe4 34. fxe4 Bf6 35. b3 Kh6 36. a4 bxa4 37. bxa4 Kg5 38. f3 Kf4 39. Kf2
Bh4+ 40. Kg2 f6 0-1

[Event "32. Offene Senioren-LEM Sachsen-Anh. 65+"]
[Site "Magdeburg"]
[Date "2024.07.06"]
[Round "6.40"]
[White "Reimers, Christine"]
[Black "Brandt, Joachim"]
[Result "0-1"]
[WhiteElo "1779"]
[BlackElo "1829"]
[PlyCount "58"]
[EventDate "2024.??.??"]
[WhiteTeam "Itzehoer SV von 1923"]
[BlackTeam "UNION 1861 Schönebeck"]

1. f4 e5 2. fxe5 d6 3. exd6 Bxd6 4. Nf3 Bg4 5. e3 Nc6 6. Be2 Bxf3 7. Bxf3 Qh4+
8. g3 Qe7 9. Bxc6+ bxc6 10. Qf3 Qd7 11. b3 O-O-O 12. Bb2 f6 13. Qe2 Kb8 14. Na3
Ne7 15. O-O-O Rhe8 16. Nc4 Bc5 17. Qf3 Nd5 18. Qg2 Nb4 19. a3 Nxc2 20. Na5 Re6
21. Kxc2 Qd3+ 22. Kc1 Qb5 23. b4 Bb6 24. Qf1 Rd3 25. Nb3 Qc4+ 26. Bc3 Rxc3+ 27.
dxc3 Qxc3+ 28. Kb1 Qxb3+ 29. Kc1 Bxe3+ 0-1

[Event "32. Offene Senioren-LEM Sachsen-Anh. 65+"]
[Site "Magdeburg"]
[Date "2024.07.06"]
[Round "6.41"]
[White "Conrad, Heidrun"]
[Black "Rausch, Erik"]
[Result "1-0"]
[WhiteElo "1710"]
[BlackElo "1827"]
[PlyCount "97"]
[EventDate "2024.??.??"]
[WhiteTeam "SF Turm 2000 Wahrburg"]
[BlackTeam "SC Kreuzberg"]

1. e4 c5 2. Nc3 Nc6 3. g3 g6 4. Bg2 Bg7 5. Nge2 d6 6. h3 e6 7. d3 Nge7 8. O-O
O-O 9. a3 Rb8 10. Rb1 b5 11. b4 cxb4 12. axb4 a6 13. Be3 d5 14. exd5 exd5 15.
Bc5 Re8 16. d4 Be6 17. g4 f5 18. Nf4 Bf7 19. g5 Qd7 20. Re1 Rbd8 21. Qd2 Rc8
22. Ra1 Ra8 23. Re2 Kh8 24. Rae1 Rac8 25. Ne6 Bxe6 26. Rxe6 Kg8 27. Rd6 Qc7 28.
Nxd5 Nxd5 29. Bxd5+ Kh8 30. Rxe8+ Rxe8 31. Rxc6 Qd8 32. Re6 Rxe6 33. Bxe6 Be5
34. Qe3 Bb8 35. Bf7 Kg7 36. Qe8 Qxg5+ 37. Kf1 Qc1+ 38. Ke2 Qxc2+ 39. Kf3 Qe4+
40. Qxe4 fxe4+ 41. Kxe4 Kxf7 42. f4 Bc7 43. f5 g5 44. d5 h5 45. d6 Bd8 46. Kd5
h4 47. d7 Be7 48. Bxe7 Kxe7 49. Kc6 1-0

[Event "32. Offene Senioren-LEM Sachsen-Anh. 65+"]
[Site "Magdeburg"]
[Date "2024.07.06"]
[Round "6.42"]
[White "Hauke, Hans"]
[Black "Eberhardt, Michael"]
[Result "1-0"]
[WhiteElo "1824"]
[BlackElo "1801"]
[PlyCount "83"]
[EventDate "2024.??.??"]
[WhiteTeam "Naumburger Sportverein 1951"]
[BlackTeam "SC Agon Neumünster"]

1. e4 c5 2. Nf3 Nf6 3. e5 Nd5 4. c3 Nc6 5. d4 cxd4 6. cxd4 e6 7. Nc3 Bb4 8. Bd2
Nxc3 9. bxc3 Be7 10. Bd3 d6 11. Qe2 O-O 12. Qe4 g6 13. h4 f5 14. exf6 Bxf6 15.
h5 d5 16. Qe3 g5 17. Nxg5 Bxg5 18. Qxg5+ Qxg5 19. Bxg5 e5 20. dxe5 Nxe5 21. Bc2
Bf5 22. Bb3 Be4 23. O-O Rac8 24. Rfe1 Nd3 25. Rxe4 Nxf2 26. Bxd5+ Kh8 27. Rf4
Rxf4 28. Bxf4 Ng4 29. Be6 Rxc3 30. Bxg4 Rc4 31. g3 Kg7 32. Rc1 Rxc1+ 33. Bxc1
Kf6 34. Kf2 Ke7 35. Ke3 b5 36. Bc8 a5 37. g4 b4 38. Kd3 a4 39. Kc4 b3 40. axb3
axb3 41. Kxb3 Kf6 42. Kc4 1-0